| 000 | 004580000a22001690004500 | ||
|---|---|---|---|
| 041 | 0 | _aENG | |
| 082 | 0 | 4 | _aG 371.3078 E165s |
| 100 | 1 | _aEbert, Barbara | |
| 245 | 1 | 0 | _a45 Simple object talks for children / Barbara Ebert, Ruth Shannon Odor |
| 260 | _aCincinnati, Ohio, USA : Standard | ||
| 300 | _a64 Pag | ||
| 001 | 10039 | ||
| 942 | _cBK | ||
| 999 |
_c39797 _d39797 |
||
| 336 |
_atexto _btxt _2rdacontent |
||
| 337 |
_2rdamedia _asin mediación _bn |
||
| 338 |
_2rdacarrier _avolumen _bnc |
||